Az Y generáció munkavállalási attitűdje és motiválásának, megtartásának lehetőségei a magyar szállodaiparban

Bibliographic Details
Main Author: Schäffer Bettina
Other Authors: Karakasné Morvay Dr. Klára
Format: Thesis
Kulcsszavak:fiatal munkavállalók
Online Access:http://dolgozattar.uni-bge.hu/14941

MARC

LEADER 00000nta a2200000 i 4500
001 dolg14941
005 20180830151318.0
008 180426suuuu hu om 000 hun d
040 |a BGE Dolgozattár Repozitórium  |b hun 
041 |a hu 
100 1 |a Schäffer Bettina 
245 1 3 |a Az Y generáció munkavállalási attitűdje és motiválásának, megtartásának lehetőségei a magyar szállodaiparban  |c Schäffer Bettina  |h [elektronikus dokumentum] 
246 1 1 |a Az Y generáció munkavállalási attitűdje és motiválásának, megtartásának lehetőségei a magyar szállodaiparban 
695 |a fiatal munkavállalók 
700 1 |a Karakasné Morvay Dr. Klára  |e ths 
856 4 0 |u http://dolgozattar.uni-bge.hu/14941/1/Szakdolgozat%20felt%C3%B6lteni.pdf  |z Dokumentum-elérés